000 01213nam a22002411a 4500
999 _c18025
_d18025
001 18025
003 OSt
005 20260204212346.0
008 170221s2015||||dr ||||||b||||||||||spa||
090 _aESP-GCE 2015 H43
100 1 _aHidalgo Núñez, Anny Del Carmen
_esustentante
245 _aPlan de intervenciones para dotar de áreas recreativas el nivel inicial de la escuela Manuel María Morillo Fe y Alegría, Distrito Educativo 16-02 / Anny Del Carmen Hidalgo Núñez, Juan Bautista Ortiz Fabián, Rosanna Flores Jiménez ; asesor Jaime Arismendi Acosta Padilla
260 _aCotuí, República Dominicana :
_bUTECO,
_c2015
300 _a47 hojas
502 _aTesis (Especialidad en Planificación y Gestión de Centros Educativos)--Universidad Tecnológica del Cibao Oriental, 2015.
504 _aincluye referencia bibliográfica e índice
650 4 _aPlan de intervenciones para dotar de áreas recreativas
700 1 _aOrtiz Fabián, Juan Bautista
_esustentante
700 1 _aJiménez, Rosanna Flores
_esustentante
700 1 _aAcosta Padilla, Jaime Arismendi
_easesor
830 _aTesis y disertaciones académicas (Universidad Tecnológica del Cibao Oriental)
942 _2LC
_cTH